[Event "Muensterland Regionalliga 1819"]
[Site "Germany"]
[Date "2018.11.10"]
[Round "3.3"]
[White "Baumann, Stephan"]
[Black "Ortmeier, Leonhard"]
[Result "1/2-1/2"]
[WhiteElo "2023"]
[BlackElo "2107"]
[PlyCount "65"]
[EventDate "2018.09.08"]
[EventType "team-tourn"]
[EventRounds "9"]
[EventCountry "GER"]
[SourceTitle "EXT 2020"]
[Source "ChessBase"]
[SourceDate "2019.10.17"]
[SourceVersion "1"]
[SourceVersionDate "2019.10.17"]
[SourceQuality "1"]
[WhiteTeam "Muenster II"]
[BlackTeam "Emsdetten Rochade"]
[WhiteTeamCountry "GER"]
[BlackTeamCountry "GER"]

1. e4 c5 2. Nc3 a6 3. f4 b5 4. d3 e6 5. g3 Bb7 6. Bg2 d5 7. f5 d4 8. fxe6 dxc3 9. exf7+ Kxf7 10. bxc3 Nf6 11. Nf3 Be7 12. Ng5+ Kg8 13. 0-0 h6 14. Ne6 Qb6 15. Nf4 Kh7 16. Qe2 Re8 17. e5 Bd6 18. d4 Bxg2 19. Qxg2 cxd4 20. exf6 dxc3+ 21. Kh1 Qc6 22. Nd5 Ra7 23. fxg7 Kxg7 24. Be3 Rd7 25. Rf5 Be5 26. Rd1 Qe6 27. Rxe5 Qxe5 28. Bd4 Qxd4 29. Rxd4 Re1+ 30. Qg1 Rxg1+ 31. Kxg1 Nc6 32. Rg4+ Kf7 33. Nxc3 1/2-1/2

[Event "Muensterland Regionalliga 1718"]
[Site "Germany"]
[Date "2018.02.24"]
[Round "6.1"]
[White "Baumann, Stephan"]
[Black "Henke, Wolfgang1"]
[Result "1-0"]
[WhiteElo "2014"]
[BlackElo "1787"]
[PlyCount "95"]
[EventDate "2017.09.02"]
[EventType "team-tourn"]
[EventRounds "9"]
[EventCountry "GER"]
[SourceTitle "EXT 2019"]
[Source "ChessBase"]
[SourceDate "2018.10.10"]
[SourceVersion "1"]
[SourceVersionDate "2018.10.10"]
[SourceQuality "1"]
[WhiteTeam "Muenster SK III"]
[BlackTeam "Beelen"]
[WhiteTeamCountry "GER"]
[BlackTeamCountry "GER"]

1. e4 g6 2. Nc3 Bg7 3. f4 c5 4. Nf3 Nc6 5. Bb5 Nd4 6. Bc4 d6 7. 0-0 Nh6 8. h3 Qd7 9. Nxd4 Bxd4+ 10. Kh1 a6 11. a4 0-0 12. Nd5 Qd8 13. a5 Be6 14. f5 Bxd5 15. Bxd5 Qd7 16. d3 Bg7 17. Qe1 Kh8 18. Qh4 Ng8 19. Bg5 Bf6 20. fxg6 fxg6 21. Bxg8 Kxg8 22. Bxf6 exf6 23. Rxf6 Rxf6 24. Qxf6 Rf8 25. Qg5 Qf7 26. Rc1 Kg7 27. Qg3 Qf6 28. b3 Rf7 29. Kh2 Qb2 30. Re1 Qc3 31. e5 Re7 32. e6 Qd4 33. Re4 Qd5 34. c4 Qc6 35. Qg5 Qe8 36. Qd5 Qd8 37. Kg3 Qb8 38. Kh2 Qd8 39. d4 Qc7 40. Rf4 Kg8 41. Re4 Kg7 42. h4 Kf8 43. Kh3 Ke8 44. h5 Kd8 45. hxg6 hxg6 46. Qg5 Qxa5 47. Rh4 Qc3+ 48. Kh2 1-0

[Event "NRW Class2 1617"]
[Site "Germany"]
[Date "2017.03.26"]
[Round "8.8"]
[White "Baumann, Stephan"]
[Black "Rumpf, Thomas"]
[Result "1-0"]
[WhiteElo "2045"]
[BlackElo "2123"]
[PlyCount "97"]
[EventDate "2016.09.25"]
[EventType "team-tourn"]
[EventRounds "9"]
[EventCountry "GER"]
[SourceTitle "EXT 2023"]
[Source "ChessBase"]
[SourceDate "2022.10.05"]
[SourceVersion "1"]
[SourceVersionDate "2022.10.05"]
[SourceQuality "1"]
[WhiteTeam "Muenster SK II"]
[BlackTeam "Kamen SV"]
[WhiteTeamCountry "GER"]
[BlackTeamCountry "GER"]

1. e4 e5 2. Nf3 Nc6 3. Bb5 a6 4. Bxc6 dxc6 5. 0-0 Bg4 6. h3 Bh5 7. g4 Bg6 8. Nxe5 Qh4 9. Qf3 f6 10. Nxg6 hxg6 11. Kg2 g5 12. d4 Ne7 13. Rh1 0-0-0 14. Be3 Kb8 15. Nd2 Qh7 16. c3 Ng6 17. Qe2 Nh4+ 18. Kf1 Re8 19. b4 Bd6 20. f3 Ng6 21. a4 Bf4 22. Bf2 Bxd2 23. Qxd2 Qg8 24. Qa2 Nf4 25. Bg3 Nxh3 26. Qxg8 Rexg8 27. Ra2 Nf4 28. Rah2 Rxh2 29. Rxh2 Ng6 30. Ke2 Kc8 31. Ke3 Re8 32. f4 gxf4+ 33. Bxf4 Kd7 34. Rh5 Nxf4 35. Kxf4 Ke6 36. g5 Rf8 37. g6 Rd8 38. Rh7 Rg8 39. c4 Kd6 40. Kf5 b5 41. axb5 axb5 42. cxb5 cxb5 43. Rxg7 Rxg7 44. Kxf6 Re7 45. e5+ Kd7 46. g7 Re6+ 47. Kf7 Re7+ 48. Kg6 Re8 49. Kh7 1-0

[Event "Muensterland Regionalliga 1617"]
[Site "Germany"]
[Date "2016.12.03"]
[Round "4.2"]
[White "Engels, Natia"]
[Black "Baumann, Stephan"]
[Result "1-0"]
[WhiteElo "2037"]
[BlackElo "2003"]
[PlyCount "99"]
[EventDate "2016.09.17"]
[EventType "team"]
[EventRounds "9"]
[EventCountry "GER"]
[SourceTitle "EXT 2018"]
[Source "ChessBase"]
[SourceDate "2017.10.13"]
[SourceVersion "1"]
[SourceVersionDate "2017.10.13"]
[SourceQuality "1"]
[WhiteTeam "Steinfurt"]
[BlackTeam "Muenster SK III"]
[WhiteTeamCountry "GER"]
[BlackTeamCountry "GER"]

1. Nf3 Nf6 2. c4 d6 3. d4 Nbd7 4. Nc3 e5 5. e4 Be7 6. d5 0-0 7. Be2 Nc5 8. Qc2 a5 9. Be3 Na6 10. h3 Ne8 11. g4 h6 12. 0-0-0 c6 13. dxc6 bxc6 14. Nxe5 Qc7 15. Nf3 Be6 16. g5 hxg5 17. Nxg5 Bxg5 18. Bxg5 f5 19. f3 fxe4 20. fxe4 Nb4 21. Qd2 Na6 22. h4 Nc5 23. h5 Rf7 24. h6 g6 25. Rdf1 Kh7 26. Rxf7+ Bxf7 27. Rf1 Ra7 28. Bg4 Bxc4 29. Rf8 Bxa2 30. Bd1 Ne6 31. Rxe8 Qf7 32. Rb8 Qc7 33. Re8 Qf7 34. Be3 c5 35. Ba4 Bb3 36. Bxb3 Qxe8 37. Qxd6 Nd4 38. Bxd4 cxd4 39. Qxd4 Rd7 40. Nd5 Kxh6 41. Qe3+ g5 42. Qh3+ Kg6 43. Qf5+ Kh6 44. Nf6 Rc7+ 45. Kb1 Qg6 46. Qe5 Rc6 47. Ng8+ Kh7 48. Ne7 Qf6 49. Nxc6 Qxc6 50. Qxg5 1-0

[Event "Werther Schloss op 22nd"]
[Site "Werther"]
[Date "2016.03.18"]
[Round "2"]
[White "Schroeder, Kevin"]
[Black "Baumann, Stephan"]
[Result "1-0"]
[WhiteElo "2319"]
[BlackElo "2025"]
[PlyCount "55"]
[EventDate "2016.03.17"]
[EventType "swiss"]
[EventRounds "7"]
[EventCountry "GER"]
[SourceTitle "CBM 171 Extra"]
[Source "ChessBase"]
[SourceDate "2016.04.26"]
[SourceVersion "1"]
[SourceVersionDate "2016.04.26"]
[SourceQuality "1"]

1. d4 Nf6 2. c4 e5 3. dxe5 Ng4 4. Nf3 Bc5 5. e3 Nc6 6. Bd2 0-0 7. Bc3 Re8 8. Be2 Ngxe5 9. Nxe5 Nxe5 10. b4 Bf8 11. 0-0 d6 12. e4 Qh4 13. Nd2 Re6 14. f4 Rh6 15. fxe5 Qxh2+ 16. Kf2 Qh4+ 17. Ke3 Qg5+ 18. Kd3 Bd7 19. Nf3 Qd8 20. Qd2 dxe5 21. Kc2 Rd6 22. Qe3 f6 23. c5 Ba4+ 24. Kb2 Rd7 25. Bc4+ Kh8 26. Nh4 Qe8 27. Qh3 Rad8 28. Qe6 1-0

[Event "GER-chT U20"]
[Site "Osnabrueck"]
[Date "2015.12.29"]
[Round "5.3"]
[White "Baumann, Stephan"]
[Black "Birnkraut, Tim"]
[Result "1-0"]
[WhiteElo "1992"]
[BlackElo "1962"]
[PlyCount "106"]
[EventDate "2015.12.27"]
[EventType "team-swiss"]
[EventRounds "7"]
[EventCountry "GER"]
[SourceTitle "EXT 2017"]
[Source "ChessBase"]
[SourceDate "2016.10.25"]
[SourceVersion "1"]
[SourceVersionDate "2016.10.25"]
[SourceQuality "1"]
[WhiteTeam "Muenster"]
[BlackTeam "Brackel"]
[WhiteTeamCountry "GER"]
[BlackTeamCountry "GER"]

1. e4 e5 2. Nf3 Nc6 3. Bb5 a6 4. Bxc6 dxc6 5. 0-0 f6 6. d4 exd4 7. Nxd4 c5 8. Nb3 Qxd1 9. Rxd1 Bg4 10. f3 Be6 11. Bf4 Rd8 12. Nc3 Bd6 13. Be3 b6 14. Nd5 Ne7 15. c4 Bxd5 16. cxd5 c6 17. dxc6 Nxc6 18. Nd2 Bc7 19. Bf2 Ke7 20. Nc4 Rxd1+ 21. Rxd1 Rd8 22. Rxd8 Kxd8 23. Be1 Kd7 24. Ne3 Be5 25. b3 Nd4 26. Bd2 Kc6 27. Nd5 b5 28. f4 Bd6 29. Kf2 b4 30. Ke3 a5 31. Kd3 Kb5 32. Be3 Nc6 33. Bc1 Nb8 34. g3 Nd7 35. Bb2 h6 36. h3 Kc6 37. Kc4 h5 38. Ba1 g5 39. Bxf6 Nxf6 40. Nxf6 gxf4 41. gxf4 Bxf4 42. Nxh5 Be5 43. h4 Kd6 44. Kb5 Bd4 45. Ng3 Bf2 46. Nf5+ Ke5 47. h5 Kxe4 48. Nd6+ Kd5 49. Nc4 Bd4 50. h6 Ke6 51. Nxa5 Kf6 52. Nb7 Kg6 53. Nxc5 Kxh6 1-0

[Event "Muensterland Regionalliga 1415"]
[Site "Germany"]
[Date "2015.03.14"]
[Round "7.7"]
[White "Pliete, Christian"]
[Black "Baumann, Stephan"]
[Result "1-0"]
[WhiteElo "1797"]
[BlackElo "1947"]
[PlyCount "69"]
[EventDate "2014.09.20"]
[EventType "team-tourn"]
[EventRounds "9"]
[EventCountry "GER"]
[SourceTitle "EXT 2016"]
[Source "ChessBase"]
[SourceDate "2015.10.08"]
[SourceVersion "1"]
[SourceVersionDate "2015.10.08"]
[SourceQuality "1"]
[WhiteTeam "Raesfeld Erle"]
[BlackTeam "Muenster III"]
[WhiteTeamCountry "GER"]
[BlackTeamCountry "GER"]

1. e4 e5 2. Nf3 Nc6 3. Bc4 Nf6 4. d3 Be7 5. Nc3 0-0 6. 0-0 d6 7. h3 Kh8 8. Ng5 Qe8 9. f4 exf4 10. Bxf4 h6 11. Nf3 Nh7 12. Nd5 Bd8 13. Nh2 Ne5 14. Bb3 c6 15. Ne3 Bb6 16. Qe2 f5 17. Kh1 fxe4 18. dxe4 Ng6 19. Bxd6 Rxf1+ 20. Nexf1 Ng5 21. Ng3 Bd4 22. Nf3 Nxf3 23. Qxf3 Be6 24. c3 Bb6 25. Bxe6 Qxe6 26. Rd1 Re8 27. Qf5 Qxf5 28. exf5 Nf8 29. Bxf8 Rxf8 30. Rd7 Re8 31. Nh5 Re2 32. Rxb7 Rxb2 33. Rxg7 Rf2 34. g4 Rxa2 35. Rg6 1-0

[Event "Gelsenkirchen Silvester op 2nd"]
[Site "Gelsenkirchen"]
[Date "2014.12.27"]
[Round "1"]
[White "Zaitsev, Mikhail"]
[Black "Baumann, Stephan"]
[Result "1-0"]
[WhiteElo "2487"]
[BlackElo "1983"]
[PlyCount "35"]
[EventDate "2014.12.27"]
[EventType "swiss"]
[EventRounds "5"]
[EventCountry "GER"]
[SourceTitle "EXT 2019"]
[Source "ChessBase"]
[SourceDate "2018.10.10"]
[SourceVersion "1"]
[SourceVersionDate "2018.10.10"]
[SourceQuality "1"]

1. e4 e5 2. Nf3 Nc6 3. c3 Nf6 4. d4 exd4 5. e5 Qe7 6. cxd4 d6 7. Bb5 dxe5 8. Nxe5 Bd7 9. Bxc6 Bxc6 10. 0-0 Qd6 11. Nc3 Be7 12. Bf4 Nd5 13. Qb3 0-0 14. Nxc6 Nxf4 15. Qxb7 Bg5 16. g3 Ne6 17. Ne4 Qd7 18. d5 1-0

[Event "Muensterland op 32d"]
[Site "Senden"]
[Date "2014.10.16"]
[Round "7"]
[White "Baumann, Stephan"]
[Black "Dahm, Jochen"]
[Result "0-1"]
[WhiteElo "2043"]
[BlackElo "2282"]
[PlyCount "34"]
[EventDate "2014.10.??"]
[EventType "swiss"]
[EventRounds "9"]
[EventCountry "GER"]
[SourceTitle "EXT 2017"]
[Source "ChessBase"]
[SourceDate "2016.10.25"]
[SourceVersion "1"]
[SourceVersionDate "2016.10.25"]
[SourceQuality "1"]

1. e4 e5 2. Nf3 d6 3. Nc3 Nf6 4. d4 exd4 5. Nxd4 Be7 6. Bc4 0-0 7. 0-0 Re8 8. f4 Bf8 9. Qd3 c6 10. Nf3 b5 11. Bb3 b4 12. Ng5 d5 13. e5 Ba6 14. Qh3 h6 15. Re1 bxc3 16. Nf3 Bc5+ 17. Kh1 Ne4 0-1

[Event "Muensterland Regionalliga 1314"]
[Site "Germany"]
[Date "2014.03.15"]
[Round "7.8"]
[White "Bruemmer, Andreas"]
[Black "Baumann, Stephan"]
[Result "1/2-1/2"]
[WhiteElo "1894"]
[BlackElo "1853"]
[PlyCount "111"]
[EventDate "2013.09.07"]
[EventType "team-tourn"]
[EventRounds "9"]
[EventCountry "GER"]
[SourceTitle "EXT 2015"]
[Source "ChessBase"]
[SourceDate "2014.11.20"]
[SourceVersion "1"]
[SourceVersionDate "2014.11.20"]
[SourceQuality "1"]
[WhiteTeam "Rheine Klein Berlin"]
[BlackTeam "Muenster SK III"]
[WhiteTeamCountry "GER"]
[BlackTeamCountry "GER"]

1. d4 Nf6 2. c4 e5 3. dxe5 Ne4 4. Qd5 Nc5 5. Nf3 Nc6 6. Bg5 Be7 7. Bxe7 Qxe7 8. Nc3 d6 9. exd6 cxd6 10. e3 Nb4 11. Qd2 Bf5 12. Nd5 Nxd5 13. cxd5 0-0 14. Be2 Ne4 15. Qd4 Ng5 16. 0-0 Rfe8 17. Rac1 Be4 18. Nxg5 Qxg5 19. f3 Bxd5 20. Rc3 Bc6 21. e4 Qe5 22. Rd1 Qxd4+ 23. Rxd4 Rad8 24. Bc4 Rd7 25. Rcd3 Red8 26. b4 a6 27. Rc3 Kf8 28. Bxa6 Bxe4 29. Bb5 Bc6 30. Bxc6 bxc6 31. Rxc6 Ra8 32. Rc2 Rb7 33. Rb2 Ra4 34. Kf2 Ke7 35. Ke3 Rb5 36. Kd3 d5 37. Kc2 Ra3 38. Rd3 Ra6 39. Kb3 Rab6 40. Rd4 Kd6 41. f4 Rb8 42. a4 R5b7 43. Rbd2 Ke6 44. b5 Rd8 45. Kb4 Rc7 46. b6 Rc1 47. Rb2 Kd6 48. a5 Kc6 49. Rb3 Ra8 50. Rdd3 Rc4+ 51. Ka3 Rxa5+ 52. Kb2 Kb7 53. Re3 Re4 54. Rec3 Rc4 55. Re3 Re4 56. Rec3 1/2-1/2

[Event "Muensterland Regionalliga 1314"]
[Site "Germany"]
[Date "2013.10.05"]
[Round "2.8"]
[White "Hunhoff, Andreas"]
[Black "Baumann, Stephan"]
[Result "1/2-1/2"]
[WhiteElo "1831"]
[BlackElo "1853"]
[PlyCount "41"]
[EventDate "2013.09.07"]
[EventType "team-tourn"]
[EventRounds "9"]
[EventCountry "GER"]
[SourceTitle "EXT 2015"]
[Source "ChessBase"]
[SourceDate "2014.11.20"]
[SourceVersion "1"]
[SourceVersionDate "2014.11.20"]
[SourceQuality "1"]
[WhiteTeam "Bocholt"]
[BlackTeam "Muenster SK III"]
[WhiteTeamCountry "GER"]
[BlackTeamCountry "GER"]

1. f4 d5 2. e3 Nf6 3. Nf3 Bg4 4. Be2 Nbd7 5. b3 e6 6. Bb2 Bxf3 7. Bxf3 Bd6 8. 0-0 0-0 9. d3 e5 10. fxe5 Bxe5 11. Bxe5 Nxe5 12. Nd2 Re8 13. Re1 c6 14. Kh1 Qb6 15. e4 Nxf3 16. Qxf3 Qb4 17. Re2 Re5 18. Rf1 Rae8 19. Qg3 Nh5 20. Qf2 Nf6 21. Qg3 1/2-1/2

[Event "Dortmund Sparkassen op-B"]
[Site "Dortmund"]
[Date "2013.08.03"]
[Round "8"]
[White "Baumann, Stephan"]
[Black "Puetter, Pascal"]
[Result "1-0"]
[WhiteElo "1759"]
[BlackElo "1934"]
[PlyCount "81"]
[EventDate "2013.07.27"]
[EventType "swiss"]
[EventRounds "9"]
[EventCountry "GER"]
[SourceTitle "EXT 2022"]
[Source "ChessBase"]
[SourceDate "2021.10.06"]
[SourceVersion "1"]
[SourceVersionDate "2021.10.06"]
[SourceQuality "1"]

1. e4 e6 2. b3 d5 3. Bb2 Nf6 4. e5 Nfd7 5. Qg4 f5 6. Qg3 c5 7. f4 Nc6 8. Nf3 a6 9. Ng5 Qe7 10. Nxh7 Kd8 11. Ng5 b5 12. Be2 Bb7 13. 0-0 Rh6 14. d3 Rc8 15. Nd2 d4 16. Bf3 Rc7 17. a4 Nb6 18. axb5 axb5 19. c4 dxc3 20. Bxc3 Rd7 21. Ba5 Nxa5 22. Rxa5 Rxd3 23. Rxb5 Nd5 24. Bxd5 Rxg3 25. Rxb7 Qxb7 26. Bxb7 Rd3 27. Rd1 Kc7 28. Ba6 c4 29. Bxc4 Bc5+ 30. Kf1 Re3 31. Nxe6+ Kb6 32. Nxc5 Kxc5 33. Kf2 Rc3 34. e6 Rxc4 35. Nxc4 Rxe6 36. Re1 Rf6 37. Ne3 g6 38. b4+ Kb5 39. Nd5 Rd6 40. Re5 Kc4 41. Ke3 1-0

[Event "Dortmund Sparkassen op-B"]
[Site "Dortmund"]
[Date "2013.07.31"]
[Round "5"]
[White "Wagner, Mirco"]
[Black "Baumann, Stephan"]
[Result "1-0"]
[WhiteElo "2047"]
[BlackElo "1759"]
[PlyCount "107"]
[EventDate "2013.07.27"]
[EventType "swiss"]
[EventRounds "9"]
[EventCountry "GER"]
[SourceTitle "EXT 2022"]
[Source "ChessBase"]
[SourceDate "2021.10.06"]
[SourceVersion "1"]
[SourceVersionDate "2021.10.06"]
[SourceQuality "1"]

1. Nf3 Nf6 2. c4 g6 3. Nc3 Bg7 4. g3 0-0 5. Bg2 d6 6. d4 Nbd7 7. 0-0 Re8 8. b3 c6 9. Bb2 Nf8 10. e4 Qc7 11. Qe2 h6 12. h3 Bd7 13. Rac1 Rad8 14. Rfd1 g5 15. Nd2 Ng6 16. Nf1 Qc8 17. Kh2 Rf8 18. Ne3 Nh7 19. Rd2 e6 20. Ba3 c5 21. Nb5 Bxb5 22. cxb5 b6 23. b4 f5 24. bxc5 dxc5 25. exf5 exf5 26. Bd5+ Kh8 27. dxc5 bxc5 28. Bxc5 f4 29. Bxf8 Qxc1 30. Bxg7+ Kxg7 31. Nf5+ Kh8 32. Nxh6 Rf8 33. Rc2 Qa1 34. Rc7 Ne5 35. Nf7+ Nxf7 36. Rxf7 Rxf7 37. Bxf7 Nf6 38. gxf4 gxf4 39. Bh5 Qd4 40. Bf3 Qc3 41. Bc6 Qd4 42. h4 f3 43. Qxf3 Qxh4+ 44. Qh3 Ng4+ 45. Kg2 Qxh3+ 46. Kxh3 Nxf2+ 47. Kg3 Nd3 48. Kf3 Nb4 49. a3 Nc2 50. a4 Kg7 51. a5 Kf6 52. Ke4 Nb4 53. Kd4 Ke6 54. Bg2 1-0

[Event "Dortmund Sparkassen op-B"]
[Site "Dortmund"]
[Date "2013.07.28"]
[Round "2"]
[White "Baumann, Stephan"]
[Black "Wuebker, Paul Luca"]
[Result "1-0"]
[WhiteElo "1759"]
[BlackElo "1500"]
[PlyCount "43"]
[EventDate "2013.07.27"]
[EventType "swiss"]
[EventRounds "9"]
[EventCountry "GER"]
[SourceTitle "EXT 2022"]
[Source "ChessBase"]
[SourceDate "2021.10.06"]
[SourceVersion "1"]
[SourceVersionDate "2021.10.06"]
[SourceQuality "1"]

1. e4 c5 2. Nc3 Nc6 3. Bb5 Nd4 4. Bc4 e6 5. Nge2 Nc6 6. 0-0 a6 7. d3 g6 8. f4 Bg7 9. Ng3 Nf6 10. e5 Ng8 11. Nge4 d5 12. exd6 Bd7 13. Kh1 b6 14. f5 exf5 15. Ng5 Nh6 16. Re1+ Kf8 17. Nd5 Bf6 18. Ne6+ fxe6 19. Bxh6+ Kf7 20. Nc7 Ra7 21. Rxe6 Rxc7 22. Re7# 1-0